| 000 | 00969cam a22002775a 4500 | ||
|---|---|---|---|
| 001 | 13403168 | ||
| 005 | 20201128024345.0 | ||
| 008 | 031114t2004 njua frb 001 0 eng d | ||
| 020 | _a0130484407 | ||
| 020 | _a9780130484406 | ||
| 040 |
_aDLC _cDLC _dYDX _dBAKER _dBTCTA _dLVB _dYDXCP _dOCLCG _dDLC _dEG-ScBUE _beng |
||
| 082 | 0 | 4 |
_222 _a621.392 _bHEU |
| 100 | 1 |
_aHeuring, Vincent P. _911551 |
|
| 245 | 1 | 0 |
_aComputer systems design and architecture / _cVincent P. Heuring, Harry F. Jordan ; with a contribution by Miles Murdocca. |
| 250 | _a2nd ed. | ||
| 260 |
_aUpper Saddle River : _bPearson / Prentice Hall, _cc.2004. |
||
| 300 |
_axvi, 592 p. : _bill. ; _c25 cm. |
||
| 504 | _aIncludes bibliographical references and index. | ||
| 650 | 7 |
_aSystem design. _2BUEsh _9733 |
|
| 650 | 7 |
_a Computer architecture. _2BUEsh _92654 |
|
| 651 | _2BUEsh | ||
| 653 |
_bGGEN _cMay2018 |
||
| 700 | 1 |
_aJordan, Harry F. _q(Harry Frederick) |
|
| 700 | 1 | _aMurdocca, Miles. | |
| 942 | _2ddc | ||
| 999 |
_c26734 _d26706 |
||